000
00311nam a2200121 a 4500
005
20140414131900.0
008
100916s19uu xx 00 eng d
050
_a
FIC
_b
B35 1997
100
_a
Bulla, Clyde Robert
245
_a
The poppy seeds.
260
_a
New York :
_b
Penguin Books,
_c
1997.
999
_c
110634
_d
110634